Textbook of Surgery for Dental Students (Record no. 32818)

MARC details
000 -LEADER
fixed length control field 00366nam a22001577a 4500
003 - CONTROL NUMBER IDENTIFIER
control field SGT
020 ## - INTERNATIONAL STANDARD BOOK NUMBER
International Standard Book Number 9789356962675
082 ## - DEWEY DECIMAL CLASSIFICATION NUMBER
Classification number 617
Item number T25M
100 ## - MAIN ENTRY--PERSONAL NAME
Personal name Marwah, Sanjay
245 ## - TITLE STATEMENT
Title Textbook of Surgery for Dental Students
250 ## - EDITION STATEMENT
Edition statement 3rd Ed.
260 ## - PUBLICATION, DISTRIBUTION, ETC. (IMPRINT)
Place of publication, distribution, etc New Delhi, India
Name of publisher, distributor, etc Jaypee Publishers
Year of Publication 2025
300 ## - PAGE DESCRIPTION
No. of Pages 398
650 ## - SUBJECT ADDED ENTRY--TOPICAL TERM
Topical term or geographic name as entry element Surgery
942 ## - ADDED ENTRY ELEMENTS (KOHA)
Source of classification or shelving scheme Dewey Decimal Classification
Koha item type Books
Holdings
Withdrawn status Lost status Source of classification or shelving scheme Damaged status Use restrictions Not for loan Home library Current library Shelving location Date acquired Vendor Name Cost, normal purchase price SGTU Bill Number Full call number Accession No. (Barcode) Date last seen Bill Date Koha item type Total Checkouts Date last borrowed Checked out
    Dewey Decimal Classification   Restricted Access Not For Loan SGT Dental Library SGT Dental Library Reference Book 16/10/2025 Ahuja Book Co. Pvt. Ltd. 1495.00 SGTU 21713 617 T25M FD9917 16/10/2025   Books      
    Dewey Decimal Classification       SGT Dental Library SGT Dental Library Text Book 16/10/2025 Ahuja Book Co. Pvt. Ltd. 1495.00 SGTU 21713 617 T25M FD9918 26/03/2026   Books 7 13/03/2026  
    Dewey Decimal Classification       SGT Dental Library SGT Dental Library Text Book 16/10/2025 Ahuja Book Co. Pvt. Ltd. 1495.00 SGTU 21713 617 T25M FD9919 28/05/2026   Books 16 28/05/2026 11/06/2026
    Dewey Decimal Classification       SGT Dental Library SGT Dental Library Text Book 16/10/2025 Ahuja Book Co. Pvt. Ltd. 1495.00 SGTU 21713 617 T25M FD9920 28/05/2026   Books 20 28/05/2026 11/06/2026
    Dewey Decimal Classification       SGT Dental Library SGT Dental Library Text Book 16/10/2025 Ahuja Book Co. Pvt. Ltd. 1495.00 SGTU 21713 617 T25M FD9921 29/05/2026   Books 15 29/05/2026 12/06/2026